Normal view MARC view
  • Dr.Mehndi Hasan, Dr. Abdul Salam Khurshid

Entry Personal Name

Number of records used in: 2

001 - CONTROL NUMBER

  • control field: 128879

003 - CONTROL NUMBER IDENTIFIER

  • control field: NUST

005 - DATE AND TIME OF LATEST TRANSACTION

  • control field: 20250508113348.0

008 - FIXED-LENGTH DATA ELEMENTS

  • fixed length control field: 250508|| aca||aabn | a|a d

040 ## - CATALOGING SOURCE

  • Original cataloging agency: NUST
  • Transcribing agency: NUST

100 ## - HEADING--PERSONAL NAME

  • Personal name: Dr.Mehndi Hasan, Dr. Abdul Salam Khurshid

670 ## - SOURCE DATA FOUND

  • Source citation: Work cat.: (NUST)563368: Dr.Mehndi Hasan, Dr. Abdul Salam Khurshid, Journalism For All /, 2007
© 2023 Central Library, National University of Sciences and Technology. All Rights Reserved.